000 00927cab a2200253 4500
001 ABS59395
008 090401t1998 xxu||||| |||| 00| 0 eng d
035 _a(Sirsi) u88986
041 _aeng
100 _aDuncan Wallace, Ian Norman
_c1922-2006
245 _aPerar revisited: When will they ever pay? When will they ever learn?
260 _c1998
350 _a0
490 _aConstruction Law Journal
_v14(5) 1998, 322-328(7)
520 _aExamines through case law how commercial sureties seek to find some way of avoiding payment under performance bonds, even when the situation seems uncontroversial.
650 _aBREACH OF CONTRACT
650 _aBUILT ENVIRONMENT-BUILDING CONTRACT FORMS
650 _aPERAR BV V GENERAL SURETY & GUARANTEE
650 _aPERFORMANCE BONDS
650 _aTERMINATION OF CONTRACT
690 _aBUILT ENVIRONMENT-BUILDING CONTRACT FORMS
942 _n0
948 _c14/10/1998
999 _c56270
_d56270